000 01379 a2200229 4500
001 47733
005 20260407155743.0
008 260407a2010 arg spa d
003 AR-UNSa-BCEJYS
040 _aAR-UNSa-BCEJYS
_bspa
_cAR-UNSa-BCEJYS
080 _a338.2(82)
_xPolítica económica. Control de la economía. Gestión de la economía. Planificación económica en Argentina
245 1 0 _aEl ciclo de la ilusión y el desencanto
_pun siglo de políticas económicas argentinas
020 _a978-950-04-2893-4
264 1 _aBuenos Aires :
_bEmecé
_c2010
300 _a527 p.
_c23 cm.
505 _a1. La generación del progreso (1880-1914) - 2. Últimas imágenes de un modelo (1914-1929) - 3. La política económica en tiempos de crisis (1929-1940) - 4. Ascenso y apogeo peronista (1940-1949) - 5. Del paraíso peronista a la crisis del desarrollo (1949-1958) - 6. El impulso desarrollista (1958-1963) - 7. Una primavera económica (1963-1973) - 8. Vértigo económico en tiempos violentos (1973-1983) - 9. La democracia y el difícil gobierno de la economía (1983-1989) - 10. Grandes expectativas, grandes decepciones (1989-2001).
942 _cBK
590 _aniveau_biblio:m niveau_hierar:0
100 1 _aGerchunoff, Pablo
700 1 _aLlach, Lucas
856 4 1 _uhttps://www.biblioeco.unsa.edu.ar/pmb/images/libros/L127650.jpg
_yImagen de portada
_qimage/jpeg
999 _c4446
_d4446